| 000 | 00375cam a2200133 4500 | ||
|---|---|---|---|
| 082 | 0 | 0 |
_a681.2 _bPRO |
| 100 | 1 |
_aW.s. tyler _945110 |
|
| 245 | 1 | 0 |
_aThe profitable use of testing sieves _cTyler w.s. |
| 260 |
_aCleveland, _bW.s. Tyler compnay _c[1952] |
||
| 300 |
_a60 p. _billus. _c32 cm. |
||
| 526 |
_a0 _b0 _c0 _d681_200000000000000_PRO |
||
| 650 | 0 |
_aMCE _9379 |
|
| 942 |
_2ddc _cBK |
||
| 999 |
_c548706 _d548706 |
||